সমাজ -সংস্থা / (Record no. 8444)
[ view plain ]
| 000 -LEADER | |
|---|---|
| fixed length control field | 00813nam a22002291a 4500 |
| 001 - CONTROL NUMBER | |
| JCCL Control Number | 8444 |
| 003 - CONTROL NUMBER IDENTIFIER | |
| JCCL marc code | BD-JhCC |
| 005 - DATE AND TIME OF LATEST TRANSACTION | |
| control field | 20181002175633.0 |
| 008 - FIXED-LENGTH DATA ELEMENTS--GENERAL INFORMATION | |
| fixed length control field | 180224b1369 bg |||| ||a| 000 0 ben d |
| 035 ## - SYSTEM CONTROL NUMBER | |
| system control number | (BD-JhCC) 8444 |
| 040 ## - CATALOGING SOURCE | |
| Original cataloging agency | BD-JhCC |
| Modifying agency | BD-JhCC |
| 041 ## - LANGUAGE CODE | |
| Language code of Book | ben |
| 082 ## - DEWEY DECIMAL CLASSIFICATION NUMBER | |
| Classification number | 301 |
| Author mark and Year | RUS 1369 |
| 100 ## - MAIN ENTRY--PERSONAL NAME | |
| Personal name | রুশো, য্যাঁ য্যাক |
| 245 ## - TITLE STATEMENT | |
| Title | সমাজ -সংস্থা / |
| Statement of responsibility, etc | য্যাঁ য্যাক রুশো অধ্যাপক নূর মোহাম্মদ মিঞা |
| 260 ## - PUBLICATION, DISTRIBUTION, ETC. (IMPRINT) | |
| Place of publication, distribution, etc | ঢাকা : |
| Name of publisher, distributor, etc | বাংলা একাডেমী ঢাকা , |
| Date of publication, distribution, etc | 1369 |
| 300 ## - PHYSICAL DESCRIPTION | |
| Pagination | 138 p .: |
| Dimensions | 22 cm . |
| 650 ## - SUBJECT ADDED ENTRY--TOPICAL TERM | |
| Topical term or geographic name as entry element | Social Organization |
| 700 ## - ADDED ENTRY--PERSONAL NAME | |
| Personal name | মিঞা, অধ্যাপক নূর মোহাম্মদ |
| 942 ## - ADDED ENTRY ELEMENTS (KOHA) | |
| Source of classification or shelving scheme | Dewey Decimal Classification |
| Koha item type | Books |
| Source of classification or shelving scheme | Damaged status | Not for loan | Home library | Current library | Shelving location | Date of accession | Cost, normal purchase price | Total Checkouts | Full call number | Barcode | Date last seen | Copy number | Koha item type |
|---|---|---|---|---|---|---|---|---|---|---|---|---|---|
| Dewey Decimal Classification | JCC Rouf Library | JCC Rouf Library | General Stacks | 02/24/2018 | 4.00 | 301 RUS 1369 | 10487 | 02/24/2018 | C-1 | Books |